Statistics for Top 20 Vegetables Sold In The U.S.

Click here to take the quiz!

General Stats

  • This quiz has been taken 50 times
  • The average score is 12 of 20

Answer Stats

TopAnswer% Correct
#4Carrot
96%
#1Potato
94%
#3Onion
90%
#2Tomato
88%
#5Lettuce
81%
#6Broccoli
81%
#11Corn
71%
#18Cauliflower
67%
#14Sweet potato
65%
#15Spinach
65%
#16Cabbage
65%
#10Cucumber
60%
#12Garlic
60%
#9Celery
54%
#17Green bean
48%
#20Asparagus
46%
#8Bell pepper
35%
#13Mushroom
33%
#7Salad
4%
#19Green Onions
4%

Score Distribution

Percentile by Number Answered

Percent of People with Each Score

Your Score History

You have not taken this quiz